| 000 | 00654nam a22001937a 4500 | ||
|---|---|---|---|
| 005 | 20140909153114.0 | ||
| 010 | _aENG-110774 | ||
| 020 |
_a9788183876605 _c1100.00 |
||
| 035 | _aEN-94306 | ||
| 037 | _bDBAD/PUB | ||
| 082 | _a343.097 | ||
| 100 | _aTenneti, Vijaya Chandra | ||
| 245 |
_aDevelopment and emerging trends of international space law / _cby Vijaya Chandra Tenneti |
||
| 260 |
_aNew Delhi _bSerials Publications _c2014 |
||
| 270 |
_a4830/24, Prahlad street, Ansari Road, Darya Ganj _bNew Delhi _e110002 |
||
| 300 |
_axii,299p. _c22cm(Hb) |
||
| 500 | _aIncludes bibliographical references | ||
| 942 |
_2ddc _cEN _h343.097 _mTEN |
||
| 999 |
_c88396 _d88396 |
||